000 00426nam a2200181Ia 4500
005 20240823013600.0
008 240823s9999||||xx |||||||||||||| ||und||
041 _aENGLISH
082 _A621.314 N0
100 _a"Gottfried,Byron"
245 0 _aConverter Engineering
250 _a1st
260 _c1990
_b"Wiley,New Delhi"
500 _aTransfered
650 _aConverter
_bElectrical
942 _cBK
999 _c167638
_d167638